000 00562nam a22001937a 4500
003 CEME
005 20210628201659.0
008 210204b xxu||||| |||| 00| 0 eng d
020 _a81-203-2510-9
040 _c.
082 _a621.3848 NAT
100 _aNathanson, Fred.E ,Reilly, J.Patrick ,Cohen, Marvin.N
_956328
245 _aRadar design principles ,signal processing and the environment
250 _a2ND
260 _aNEW DELHI
_bPRENTICE HALL OF INDIA
_c2004
300 _aXIII,723P
650 _aRADAR DESIGN PRINCIPLES
_956329
942 _cBK
_2ddc
999 _c566779
_d566779